Forecasting of air pollution potential for a selected region in Malaysia /
Saved in:
| Main Author: | |
|---|---|
| Format: | Thesis Book |
| Language: | English |
| Published: |
2011.
|
| Subjects: | |
| Tags: |
Add Tag
No Tags, Be the first to tag this record!
|
| LEADER | 01083cam a2200277 a 4500 | ||
|---|---|---|---|
| 001 | u838441 | ||
| 003 | SIRSI | ||
| 005 | 201109081046 | ||
| 008 | 110908s2011 my a t 000 0 eng m | ||
| 040 | |a UMM |d UMJ | ||
| 043 | |a a-my--- | ||
| 090 | |a TP7 |b UM 2011 Hay | ||
| 097 | |a TP7 |b UM 2011 Hay | ||
| 100 | 1 | |a Hayati, Romina. | |
| 245 | 1 | 0 | |a Forecasting of air pollution potential for a selected region in Malaysia / |c Romina Hayati. |
| 260 | |c 2011. | ||
| 300 | |a xvi, 101 leaves : |b ill. ; |c 30 cm. | ||
| 502 | |a Dissertation (M.Eng.) -- Jabatan Kejuruteraan Kimia, Fakulti Kejuruteraan, Universiti Malaya, 2011. | ||
| 504 | |a Bibliography: leaves 99-101. | ||
| 650 | 0 | |a Air |x Pollution |z Malaysia |x Forecasting. | |
| 650 | 0 | |a Air |x Pollution |x Research |z Malaysia. | |
| 710 | 2 | |a Universiti Malaya. |b Jabatan Kejuruteraan Kimia. | |
| 900 | |a NHS | ||
| 596 | |a 1 7 | ||
| 999 | |a TP7 UM 2011 HAY |w LC |c 2 |i A514838190 |l STACKS |m P07JURUTER |r Y |s Y |t TESIS |u 3/4/2014 | ||
| 999 | |a TP7 UM 2011 HAY |w LC |c 1 |i A514831545 |d 27/7/2012 |f 27/7/2012 |g 1 |l B_KOM1 |m P01UTAMA |r Y |s Y |t TESIS |u 24/7/2012 |o .CIRCNOTE. BKOM 1: 040541 | ||
